Blue Lock Impossible quiz - Statistics

General Stats
  • This quiz has been taken 150 times
  • The average score is 7 of 15
Answer Stats
Hint Answer % Correct
How many members of team Y had Yellow in their hair? 2
93%
How many parents does Isagi have? 2
93%
How many goals did Team V score against team Y? 8
91%
In the first episode. Isagi is seen on a bike screaming because of his loss against Kira's team. How many children were watching him scream? 3
89%
What color is Ego's hair? Black
81%
What is the age cap for everyone in Blue Lock? ( At the start of the show ) 18
79%
What is the color of Fukaku's eyes? Green
48%
In additional time, Team Z plays a game where they act as other people from Blue Lock. Who does Kunigami act like? Niko
46%
What is Nishioka is Who's Messi? Aomori's
44%
When Isagi and Kira walk into Blue Lock, Who is the first player we see that has played in the U20 match? Aryu Jyubei
23%
What was Isagi's team in the very start of the series? Ichinan
21%
Only member of Isagi's old team to be seen again in the story Tada Tomonari
16%
What was Kira's team in the very start of the series? Matsukaze Kokuo
11%
In additional time, Team Z argues whether rice or bread is better for breakfast. What does Kuon like for breakfast? Cornflakes
10%
Continuing from the question above. Team bread curses Kuon with the "Curse of Yeast". What does Team rice tell Kuon to do? Convert to the,,,. Convert to the rice religon
0%
No matching quizzes found
Score Distribution
Percent of People with Each Score
Percentile by Number Answered
Your Score History
You have not taken this quiz